Statistics for 2/4 Chemical Elements starting with G-L

Click here to take the quiz!

General Stats

  • This quiz has been taken 62 times
  • The average score is 14 of 19

Answer Stats

Answer% Correct
Helium
100%
Hydrogen
100%
Iodine
95%
Lithium
93%
Germanium
90%
KKrypton
88%
Gallium
83%
Iridium
78%
IIndium
73%
HHafnium
71%
Gold
68%
LLanthanum
68%
Lead
66%
GGadolinium
63%
Hassium
63%
Iron
63%
Holmium
61%
Lawrencium
59%
Lutetium
46%

Score Distribution

Percentile by Number Answered

Percent of People with Each Score

Your Score History

You have not taken this quiz